Les Mis: Song by the Lyrics Quiz Stats

 Plays Quiz not verified by Sporcle

Score 0/13 Timer 03:00
0 Plays Today
Lyrics Song % Correct
...There is a lady all in white, holds me and sings a lullaby. She's nice to see and she's soft to touch. She says Cosette, I love you very much..Castle on a Cloud
96.9%
...But the tigers come at night With their voices soft as thunder As they tear your hope apart As they turn your dream to shame ...I Dreamed a Dream
95.2%
...When the beating of your heart echoes the beating of the drum, there is a life about to start when tomorrow comes...Do You Hear the People Sing?
92.7%
...And I know it's only in my mind, that I'm talking to myself and not to him. And although I know that he is blind, still I say, there's a way for us...On My Own
92.4%
...Enter monsieur, lay down your load, unlace your boots, rest from the road...Master of the House
90.7%
...Another day, another destiny. This never-ending road to Calvary; These men who seem to know my crime will surely come a second time...One Day More
88.5%
...That I live and you are gone. There's a grief that can't be spoken. There's a pain goes on and on...Empty Chairs at Empty Tables
87%
...Why should I save his hide? Why should I right this wrong, when I have come so far and struggled for so long?... Who Am I?
83.9%
...And so it has been and so it is written on the doorway to paradise that those who falter and those who fall must pay the price...Stars
83.9%
...Pay the landlord, pay the shop, keep on grafting as long as you're able, keeping on grafting till you drop, or it's back to the crumbs off the table...At the End of the Day
75%
...You would live a hundred years, if I could show you how. I won't desert you now...A Little Fall of Rain
72.7%
...Good evening, dear inspector, lovely evening, my dear. I know this man, my friends. His name is Inspector Javert...Little People
61.9%
...'This is a chain we'll never break' 'Do I dream?' I'm awake!'...A Heart Full of Love
61.6%

You're not logged in!

Compare scores with friends on all Sporcle quizzes.
OR
Log In

Show Comments

Extras

Top Quizzes Today


Score Distribution

Your Account Isn't Verified!

In order to create a playlist on Sporcle, you need to verify the email address you used during registration. Go to your Sporcle Settings to finish the process.

Report this User

Report this user for behavior that violates our Community Guidelines.

Details: